[Event "4NCL Hull GM 2021"]
[Site "Hull"]
[Date "2021.10.21"]
[Round "3.1"]
[White "Wadsworth, Matthew J"]
[Black "Willow, Jonah B"]
[Result "1-0"]
[WhiteElo "2425"]
[BlackElo "2353"]
[Annotator "ChessBase"]
[PlyCount "117"]
[EventDate "2021.10.20"]
[EventType "tourn"]
[EventCountry "ENG"]
[SourceTitle "playchess.com"]
[Source "ChessBase"]
[SourceQuality "1"]
[TimeControl "5400+30"]

1. c4 {[%emt 0:00:01]} c5 {[%emt 0:00:09]} 2. g3 {[%emt 0:00:06]} Nc6 {[%emt 0:00:22]} 3. Bg2 {[%emt 0:00:07]} g6 {[%emt 0:00:09]} 4. Nc3 {[%emt 0:00:06]} Bg7 {[%emt 0:00:04]} 5. Nf3 {[%emt 0:00:06]} e6 {[%emt 0:00:07]} 6. h4 {[%emt 0:00:05]} h6 {[%emt 0:00:06]} 7. d4 {[%emt 0:00:09]} Nxd4 {[%emt 0:00:03]} 8. Nxd4 {[%emt 0:00:22]} cxd4 {[%emt 0:01:02]} 9. Ne4 {[%emt 0:00:33]} d5 {[%emt 0:01:14]} 10. cxd5 {[%emt 0:00:26]} exd5 {[%emt 0:00:04]} 11. Qa4+ {[%emt 0:00:31]} Kf8 {[%emt 0:00:12]} 12. Nc5 {[%emt 0:01:16]} Ne7 {[%emt 0:03:24]} 13. Bf4 {[%emt 0:08:36]} Kg8 {[%emt 0:03:18]} 14. Rc1 {[%emt 0:01:25]} Kh7 {[%emt 0:02:31]} 15. O-O {[%emt 0:09:50]} Qe8 {[%emt 0:23:50]} 16. Qb3 {[%emt 0:02:08]} b6 {[%emt 0:01:14]} 17. Nd3 {[%emt 0:00:37]} Bg4 {[%emt 0:07:09]} 18. Rc7 {[%emt 0:01:46]} Rc8 {[%emt 0:03:13]} 19. Rxa7 {[%emt 0:09:05]} Qd8 {[%emt 0:15:19]} 20. Re1 {[%emt 0:06:05]} Re8 {[%emt 0:07:53]} 21. Rb7 {[%emt 0:03:57]} Rc6 {[%emt 0:16:26]} 22. Rb8 {[%emt 0:07:29]} Bc8 {[%emt 0:00:42]} 23. Nb4 {[%emt 0:01:15]} Rc5 {[%emt 0:01:15]} 24. Na6 {[%emt 0:00:43]} Rc6 {[%emt 0:01:36]} 25. Qb5 {[%emt 0:02:20]} Qd7 {[%emt 0:05:17]} 26. Rxb6 {[%emt 0:01:24]} Rxb6 {[%emt 0:03:18]} 27. Qxb6 {[%emt 0:00:07]} Bxa6 {[%emt 0:02:53]} 28. Qxa6 {[%emt 0:00:02]} Nf5 {[%emt 0:01:03]} 29. Rc1 {[%emt 0:01:09]} Re6 {[%emt 0:00:12]} 30. Qd3 {[%emt 0:00:24]} Qd8 {[%emt 0:00:52]} 31. Bh3 {[%emt 0:01:35]} Qf6 {[%emt 0:00:27]} 32. Bxf5 {[%emt 0:02:36]} Qxf5 {[%emt 0:00:32]} 33. Qxf5 {[%emt 0:00:02]} gxf5 {[%emt 0:00:06]} 34. Rc2 {[%emt 0:01:21]} d3 {[%emt 0:00:48]} 35. exd3 {[%emt 0:00:08]} Re1+ {[%emt 0:00:05]} 36. Kg2 {[%emt 0:00:16]} Rd1 {[%emt 0:00:08]} 37. b4 {[%emt 0:01:45]} Rxd3 {[%emt 0:00:21]} 38. Rd2 {[%emt 0:00:49]} Ra3 {[%emt 0:00:25]} 39. Rxd5 {[%emt 0:00:54]} Rxa2 {[%emt 0:00:09]} 40. Rxf5 {[%emt 0:00:07]} Kg6 {[%emt 0:01:24]} 41. g4 {[%emt 0:00:27]} Bd4 {[%emt 0:00:57]} 42. h5+ {[%emt 0:00:17]} Kg7 {[%emt 0:00:20]} 43. Be5+ {[%emt 0:00:33]} Bxe5 {[%emt 0:00:04]} 44. Rxe5 {[%emt 0:00:05]} Rb2 {[%emt 0:00:03]} 45. b5 {[%emt 0:00:24]} Kf6 {[%emt 0:00:19]} 46. Rf5+ {[%emt 0:00:07]} Ke6 {[%emt 0:00:09]} 47. Kg3 {[%emt 0:00:12]} f6 {[%emt 0:00:59]} 48. f3 {[%emt 0:00:17]} Rb4 {[%emt 0:00:35]} 49. Rc5 {[%emt 0:00:07]} Rb3 {[%emt 0:00:42]} 50. Rc6+ {[%emt 0:00:22]} Ke5 {[%emt 0:00:09]} 51. b6 {[%emt 0:00:30]} f5 {[%emt 0:01:17]} 52. gxf5 {[%emt 0:00:40]} Kxf5 {[%emt 0:00:16]} 53. Rxh6 {[%emt 0:00:06]} Kg5 {[%emt 0:00:03]} 54. Rc6 {[%emt 0:00:09]} Kxh5 {[%emt 0:00:18]} 55. Kf4 {[%emt 0:00:05]} Rb5 {[%emt 0:00:35]} 56. Re6 {[%emt 0:00:51]} Rb4+ {[%emt 0:00:34]} 57. Kf5 {[%emt 0:00:14]} Rb5+ {[%emt 0:00:22]} 58. Kf6 {[%emt 0:00:07]} Kh6 {[%emt 0:00:11]} 59. f4 {[%emt 0:00:29]} 1-0

[Event "4NCL Hull GM 2021"]
[Site "Hull"]
[Date "2021.10.21"]
[Round "3.2"]
[White "Davies, Nigel R"]
[Black "Murphy, Conor E"]
[Result "0-1"]
[WhiteElo "2475"]
[BlackElo "2428"]
[Annotator "ChessBase"]
[PlyCount "82"]
[EventDate "2021.10.20"]
[EventType "tourn"]
[EventCountry "ENG"]
[SourceTitle "playchess.com"]
[Source "ChessBase"]
[SourceQuality "1"]
[TimeControl "5400+30"]

1. Nf3 {[%emt 0:00:03]} d5 {[%emt 0:04:25]} 2. g3 {[%emt 0:00:18]} Nf6 {[%emt 0:00:17]} 3. Bg2 {[%emt 0:00:07]} e6 {[%emt 0:00:11]} 4. O-O {[%emt 0:00:15]} Be7 {[%emt 0:00:23]} 5. d3 {[%emt 0:02:15]} O-O {[%emt 0:00:24]} 6. Nbd2 {[%emt 0:00:04]} Nc6 {[%emt 0:00:43]} 7. c3 {[%emt 0:02:13]} e5 {[%emt 0:00:30]} 8. Qc2 {[%emt 0:00:25]} a5 {[%emt 0:03:32]} 9. e4 {[%emt 0:03:53]} dxe4 {[%emt 0:16:29]} 10. dxe4 {[%emt 0:01:38]} Be6 {[%emt 0:01:09]} 11. Ng5 {[%emt 0:03:55]} Bd7 {[%emt 0:03:25]} 12. Nc4 {[%emt 0:00:25]} Bc5 {[%emt 0:01:01]} 13. Nf3 {[%emt 0:16:35]} Re8 {[%emt 0:04:15]} 14. Ne3 {[%emt 0:16:50]} Qc8 {[%emt 0:02:36]} 15. Nd5 {[%emt 0:05:58]} Nxd5 {[%emt 0:01:33]} 16. exd5 {[%emt 0:01:41]} Bf5 {[%emt 0:05:28]} 17. Qa4 {[%emt 0:00:17]} Nb8 {[%emt 0:01:21]} 18. Re1 {[%emt 0:02:23]} Bd6 {[%emt 0:02:32]} 19. Nh4 {[%emt 0:02:57]} Bd7 {[%emt 0:02:17]} 20. Qc2 {[%emt 0:00:13]} c6 {[%emt 0:07:33]} 21. Be4 {[%emt 0:01:03]} cxd5 {[%emt 0:03:30]} 22. Bxd5 {[%emt 0:01:58]} Bc6 {[%emt 0:07:05]} 23. Qe4 {[%emt 0:01:08]} Bf8 {[%emt 0:06:38]} 24. Bg5 {[%emt 0:03:01]} Bxd5 {[%emt 0:00:44]} 25. Qxd5 {[%emt 0:00:09]} Nc6 {[%emt 0:00:38]} 26. Rad1 {[%emt 0:00:20]} Qg4 {[%emt 0:01:28]} 27. Be3 {[%emt 0:02:01]} Rad8 {[%emt 0:02:41]} 28. Qf3 {[%emt 0:00:13]} Qc4 {[%emt 0:02:19]} 29. a3 {[%emt 0:04:04]} a4 {[%emt 0:02:40]} 30. Rxd8 {[%emt 0:04:22]} Rxd8 {[%emt 0:00:23]} 31. Qe2 {[%emt 0:01:04]} Qxe2 {[%emt 0:03:29]} 32. Rxe2 {[%emt 0:00:05]} Rd1+ {[%emt 0:00:07]} 33. Kg2 {[%emt 0:00:04]} Na5 {[%emt 0:00:38]} 34. Rd2 {[%emt 0:02:16]} Rxd2 {[%emt 0:01:01]} 35. Bxd2 {[%emt 0:00:06]} Nc4 {[%emt 0:00:37]} 36. Bc1 {[%emt 0:00:04]} e4 {[%emt 0:03:55]} 37. f3 {[%emt 0:02:21]} Ne5 {[%emt 0:01:44]} 38. fxe4 {[%emt 0:05:32]} Nd3 {[%emt 0:00:05]} 39. Bf4 {[%emt 0:02:11]} Nxb2 {[%emt 0:00:19]} 40. Nf5 {[%emt 0:00:06]} Nc4 {[%emt 0:02:45]} 41. Kf3 {[%emt 0:01:40]} Bxa3 {[%emt 0:01:33]} 0-1

[Event "4NCL Hull GM 2021"]
[Site "Hull"]
[Date "2021.10.21"]
[Round "3.3"]
[White "Czopor, Maciej"]
[Black "Clarke, Brandon G I"]
[Result "1-0"]
[WhiteElo "2411"]
[BlackElo "2442"]
[Annotator "ChessBase"]
[PlyCount "101"]
[EventDate "2021.10.20"]
[EventType "tourn"]
[EventCountry "ENG"]
[SourceTitle "playchess.com"]
[Source "ChessBase"]
[SourceQuality "1"]
[TimeControl "5400+30"]

1. e4 {[%emt 0:00:03]} c5 {[%emt 0:02:03]} 2. Nf3 {[%emt 0:00:06]} d6 {[%emt 0:00:07]} 3. Bb5+ {[%emt 0:00:04]} Nc6 {[%emt 0:04:18]} 4. O-O {[%emt 0:00:08]} Bd7 {[%emt 0:00:05]} 5. Re1 {[%emt 0:00:04]} a6 {[%emt 0:00:06]} 6. Bf1 {[%emt 0:00:13]} Nf6 {[%emt 0:00:11]} 7. c3 {[%emt 0:00:12]} Bg4 {[%emt 0:00:22]} 8. h3 {[%emt 0:00:07]} Bxf3 {[%emt 0:00:06]} 9. Qxf3 {[%emt 0:00:04]} g6 {[%emt 0:00:28]} 10. d3 {[%emt 0:00:36]} Bg7 {[%emt 0:00:07]} 11. Nd2 {[%emt 0:01:30]} O-O {[%emt 0:00:09]} 12. Qd1 {[%emt 0:00:19]} Nd7 {[%emt 0:06:24]} 13. Nf3 {[%emt 0:00:14]} Nde5 {[%emt 0:00:04]} 14. Nh2 {[%emt 0:11:54]} b5 {[%emt 0:01:58]} 15. Be3 {[%emt 0:00:48]} Rb8 {[%emt 0:10:46]} 16. f4 {[%emt 0:29:44]} Nd7 {[%emt 0:00:01]} 17. d4 {[%emt 0:00:34]} cxd4 {[%emt 0:02:51]} 18. cxd4 {[%emt 0:00:06]} e5 {[%emt 0:00:15]} 19. Nf3 {[%emt 0:01:30]} Nf6 {[%emt 0:02:34]} 20. fxe5 {[%emt 0:06:41]} dxe5 {[%emt 0:00:32]} 21. d5 {[%emt 0:08:47]} Na5 {[%emt 0:03:52]} 22. Bf2 {[%emt 0:02:16]} Re8 {[%emt 0:03:43]} 23. Rc1 {[%emt 0:01:17]} Bf8 {[%emt 0:03:17]} 24. Qd2 {[%emt 0:01:22]} Nb7 {[%emt 0:09:25]} 25. Rc6 {[%emt 0:01:11]} Nd6 {[%emt 0:01:49]} 26. Bd3 {[%emt 0:00:23]} a5 {[%emt 0:00:30]} 27. Bh4 {[%emt 0:07:31]} Be7 {[%emt 0:03:04]} 28. Bg3 {[%emt 0:00:34]} Ndxe4 {[%emt 0:05:16]} 29. Bxe4 {[%emt 0:00:20]} Bb4 {[%emt 0:00:04]} 30. Qd3 {[%emt 0:09:26]} Bxe1 {[%emt 0:00:13]} 31. Bxe1 {[%emt 0:00:18]} Nxe4 {[%emt 0:00:20]} 32. Qxe4 {[%emt 0:00:03]} f5 {[%emt 0:02:39]} 33. Qh4 {[%emt 0:01:39]} Qxh4 {[%emt 0:00:03]} 34. Bxh4 {[%emt 0:00:04]} e4 {[%emt 0:05:22]} 35. Nd4 {[%emt 0:00:26]} e3 {[%emt 0:00:03]} 36. d6 {[%emt 0:04:30]} Re4 {[%emt 0:03:53]} 37. d7 {[%emt 0:04:50]} Rxd4 {[%emt 0:00:03]} 38. Rc8+ {[%emt 0:00:06]} Kf7 {[%emt 0:00:07]} 39. Rxb8 {[%emt 0:00:45]} Rxd7 {[%emt 0:00:04]} 40. Be1 {[%emt 0:01:33]} b4 {[%emt 0:00:25]} 41. Rb5 {[%emt 0:00:52]} Ke6 {[%emt 0:00:16]} 42. Rxa5 {[%emt 0:02:33]} Rd2 {[%emt 0:00:02]} 43. b3 {[%emt 0:00:10]} f4 {[%emt 0:00:15]} 44. Kf1 {[%emt 0:02:36]} Rb2 {[%emt 0:00:02]} 45. Bxb4 {[%emt 0:02:05]} h6 {[%emt 0:00:31]} 46. Be1 {[%emt 0:01:02]} g5 {[%emt 0:00:13]} 47. b4 {[%emt 0:00:09]} Rc2 {[%emt 0:00:27]} 48. a4 {[%emt 0:01:03]} Ra2 {[%emt 0:00:14]} 49. b5 {[%emt 0:00:28]} Kd5 {[%emt 0:00:30]} 50. b6+ {[%emt 0:00:11]} Kc6 {[%emt 0:00:10]} 51. Rb5 {[%emt 0:00:15]} 1-0

[Event "4NCL Hull GM 2021"]
[Site "Hull"]
[Date "2021.10.21"]
[Round "3.4"]
[White "Turner, Matthew J"]
[Black "Jackson, James P"]
[Result "0-1"]
[WhiteElo "2471"]
[BlackElo "2386"]
[Annotator "ChessBase"]
[PlyCount "236"]
[EventDate "2021.10.20"]
[EventType "tourn"]
[EventCountry "ENG"]
[SourceTitle "playchess.com"]
[Source "ChessBase"]
[SourceQuality "1"]
[TimeControl "5400+30"]

1. d4 {[%emt 0:00:06]} Nf6 {[%emt 0:00:05]} 2. Nf3 {[%emt 0:00:18]} g6 {[%emt 0:00:13]} 3. c4 {[%emt 0:00:30]} Bg7 {[%emt 0:00:15]} 4. g3 {[%emt 0:00:11]} O-O {[%emt 0:00:06]} 5. Bg2 {[%emt 0:00:04]} d6 {[%emt 0:00:05]} 6. O-O {[%emt 0:00:51]} Nc6 {[%emt 0:00:49]} 7. Nc3 {[%emt 0:01:56]} e5 {[%emt 0:00:44]} 8. dxe5 {[%emt 0:00:56]} dxe5 {[%emt 0:00:06]} 9. Bg5 {[%emt 0:00:24]} Be6 {[%emt 0:00:06]} 10. Nd2 {[%emt 0:00:34]} Qc8 {[%emt 0:00:35]} 11. Nd5 {[%emt 0:01:45]} Nd7 {[%emt 0:03:33]} 12. b4 {[%emt 0:00:57]} Kh8 {[%emt 0:10:10]} 13. Nb3 {[%emt 0:07:00]} f5 {[%emt 0:04:56]} 14. Qd2 {[%emt 0:04:50]} e4 {[%emt 0:03:30]} 15. Rac1 {[%emt 0:04:18]} Nce5 {[%emt 0:02:12]} 16. Bh6 {[%emt 0:19:34]} Bxh6 {[%emt 0:22:54]} 17. Qxh6 {[%emt 0:00:14]} Nxc4 {[%emt 0:05:02]} 18. Nf4 {[%emt 0:00:23]} Nde5 {[%emt 0:00:08]} 19. f3 {[%emt 0:00:27]} exf3 {[%emt 0:10:01]} 20. exf3 {[%emt 0:00:41]} Bf7 {[%emt 0:04:50]} 21. Rfe1 {[%emt 0:03:16]} Qd8 {[%emt 0:03:24]} 22. Nc5 {[%emt 0:02:52]} Rg8 {[%emt 0:10:40]} 23. Nfe6 {[%emt 0:07:57]} Bxe6 {[%emt 0:03:49]} 24. Nxe6 {[%emt 0:00:06]} Qf6 {[%emt 0:05:14]} 25. Nc5 {[%emt 0:10:35]} Rad8 {[%emt 0:06:01]} 26. Nxb7 {[%emt 0:06:35]} Rd4 {[%emt 0:02:45]} 27. Rcd1 {[%emt 0:01:46]} Qb6 {[%emt 0:00:33]} 28. Nc5 {[%emt 0:00:41]} Qxb4 {[%emt 0:00:21]} 29. Nb3 {[%emt 0:00:45]} Rd6 {[%emt 0:00:44]} 30. Qc1 {[%emt 0:02:41]} Rgd8 {[%emt 0:00:30]} 31. Rxd6 {[%emt 0:01:03]} Rxd6 {[%emt 0:00:37]} 32. Qa1 {[%emt 0:00:17]} Nb2 {[%emt 0:00:56]} 33. Rb1 {[%emt 0:03:15]} Qb6+ {[%emt 0:00:09]} 34. Kh1 {[%emt 0:00:14]} Nbd3 {[%emt 0:00:04]} 35. Bf1 {[%emt 0:01:11]} Qe3 {[%emt 0:00:47]} 36. Bxd3 {[%emt 0:02:10]} Qxf3+ {[%emt 0:00:12]} 37. Kg1 {[%emt 0:00:04]} Qe3+ {[%emt 0:00:24]} 38. Kh1 {[%emt 0:00:15]} Qf3+ {[%emt 0:01:00]} 39. Kg1 {[%emt 0:00:04]} Qe3+ {[%emt 0:00:04]} 40. Kh1 {[%emt 0:00:06]} Rxd3 {[%emt 0:00:24]} 41. Re1 {[%emt 0:00:16]} Qf3+ {[%emt 0:00:05]} 42. Kg1 {[%emt 0:00:13]} Re3 {[%emt 0:00:05]} 43. Nd2 {[%emt 0:03:30]} Rxe1+ {[%emt 0:00:18]} 44. Qxe1 {[%emt 0:00:04]} Qd5 {[%emt 0:00:07]} 45. Qe3 {[%emt 0:00:18]} c5 {[%emt 0:01:26]} 46. Nb3 {[%emt 0:00:38]} c4 {[%emt 0:01:23]} 47. Nd2 {[%emt 0:00:06]} a5 {[%emt 0:00:36]} 48. Qa3 {[%emt 0:00:55]} Kg7 {[%emt 0:00:45]} 49. Qe7+ {[%emt 0:00:23]} Nf7 {[%emt 0:00:11]} 50. Qe3 {[%emt 0:00:36]} Ne5 {[%emt 0:00:42]} 51. Qa7+ {[%emt 0:00:17]} Kg8 {[%emt 0:00:29]} 52. Qb8+ {[%emt 0:00:38]} Kf7 {[%emt 0:00:48]} 53. Qa7+ {[%emt 0:00:12]} Ke6 {[%emt 0:00:30]} 54. Qa6+ {[%emt 0:01:13]} Qd6 {[%emt 0:00:26]} 55. Qc8+ {[%emt 0:00:05]} Ke7 {[%emt 0:00:36]} 56. Qh8 {[%emt 0:02:11]} h5 {[%emt 0:00:09]} 57. Qg7+ {[%emt 0:00:18]} Kd8 {[%emt 0:00:11]} 58. Qg8+ {[%emt 0:00:29]} Kc7 {[%emt 0:00:13]} 59. Qg7+ {[%emt 0:00:18]} Kc6 {[%emt 0:00:40]} 60. Nf1 {[%emt 0:00:23]} Qd4+ {[%emt 0:00:38]} 61. Kg2 {[%emt 0:00:05]} c3 {[%emt 0:01:10]} 62. Qf8 {[%emt 0:00:32]} Qd5+ {[%emt 0:00:30]} 63. Kh3 {[%emt 0:00:11]} Qd3 {[%emt 0:00:31]} 64. Qe8+ {[%emt 0:00:50]} Kd5 {[%emt 0:00:32]} 65. Qd8+ {[%emt 0:00:47]} Ke4 {[%emt 0:00:27]} 66. Qa8+ {[%emt 0:00:07]} Qd5 {[%emt 0:00:14]} 67. Qa7 {[%emt 0:00:43]} Ng4 {[%emt 0:00:38]} 68. Qc7 {[%emt 0:00:52]} Kd3 {[%emt 0:00:39]} 69. Kh4 {[%emt 0:00:39]} Ne5 {[%emt 0:00:31]} 70. Kg5 {[%emt 0:00:21]} c2 {[%emt 0:00:31]} 71. Qxc2+ {[%emt 0:00:05]} Kxc2 {[%emt 0:00:16]} 72. Ne3+ {[%emt 0:00:03]} Kb2 {[%emt 0:00:11]} 73. Nxd5 {[%emt 0:00:04]} Kxa2 {[%emt 0:00:50]} 74. Kf6 {[%emt 0:00:06]} Ng4+ {[%emt 0:00:34]} 75. Kxg6 {[%emt 0:00:05]} Nxh2 {[%emt 0:00:10]} 76. Kxf5 {[%emt 0:00:16]} Kb3 {[%emt 0:00:52]} 77. Nb6 {[%emt 0:00:10]} Nf1 {[%emt 0:00:13]} 78. Kf4 {[%emt 0:00:31]} Kb4 {[%emt 0:00:45]} 79. Nd5+ {[%emt 0:00:23]} Kc4 {[%emt 0:00:25]} 80. Nb6+ {[%emt 0:00:07]} Kd4 {[%emt 0:00:39]} 81. Na4 {[%emt 0:00:22]} Ne3 {[%emt 0:00:33]} 82. Kg5 {[%emt 0:00:17]} Nf1 {[%emt 0:00:15]} 83. Kf4 {[%emt 0:01:59]} Kd3 {[%emt 0:00:31]} 84. Kf3 {[%emt 0:01:27]} Nd2+ {[%emt 0:00:44]} 85. Kf4 {[%emt 0:00:07]} Kc4 {[%emt 0:00:28]} 86. Kg5 {[%emt 0:00:48]} Kb3 {[%emt 0:00:31]} 87. Nc5+ {[%emt 0:01:07]} Kb4 {[%emt 0:00:29]} 88. Nd3+ {[%emt 0:00:18]} Kc4 {[%emt 0:00:30]} 89. Nb2+ {[%emt 0:00:09]} Kb3 {[%emt 0:00:11]} 90. Nd3 {[%emt 0:00:07]} Kc2 {[%emt 0:00:32]} 91. Nc5 {[%emt 0:00:42]} Ne4+ {[%emt 0:00:46]} 92. Nxe4 {[%emt 0:00:48]} a4 {[%emt 0:00:04]} 93. Kxh5 {[%emt 0:00:38]} a3 {[%emt 0:00:04]} 94. g4 {[%emt 0:00:14]} a2 {[%emt 0:00:04]} 95. g5 {[%emt 0:00:05]} a1=Q {[%emt 0:00:05]} 96. Nf6 {[%emt 0:00:11]} Kd3 {[%emt 0:00:24]} 97. Kg6 {[%emt 0:00:24]} Kd4 {[%emt 0:00:35]} 98. Kf5 {[%emt 0:01:45]} Qb1+ {[%emt 0:00:15]} 99. Kf4 {[%emt 0:00:21]} Qf1+ {[%emt 0:00:30]} 100. Kg4 {[%emt 0:00:04]} Ke5 {[%emt 0:00:17]} 101. Nd7+ {[%emt 0:00:14]} Ke6 {[%emt 0:00:13]} 102. Nf6 {[%emt 0:00:25]} Kf7 {[%emt 0:01:10]} 103. Nh5 {[%emt 0:01:02]} Qe2+ {[%emt 0:00:27]} 104. Kh4 {[%emt 0:00:06]} Qe4+ {[%emt 0:00:10]} 105. Kg3 {[%emt 0:00:15]} Kg6 {[%emt 0:00:09]} 106. Nf4+ {[%emt 0:00:04]} Kxg5 {[%emt 0:00:07]} 107. Nh3+ {[%emt 0:00:05]} Kf5 {[%emt 0:00:04]} 108. Nf2 {[%emt 0:00:06]} Qd5 {[%emt 0:00:22]} 109. Nh3 {[%emt 0:00:43]} Qd3+ {[%emt 0:00:28]} 110. Kg2 {[%emt 0:00:04]} Qe2+ {[%emt 0:00:13]} 111. Kg3 {[%emt 0:00:06]} Qg4+ {[%emt 0:00:05]} 112. Kh2 {[%emt 0:00:04]} Qg7 {[%emt 0:00:10]} 113. Ng1 {[%emt 0:01:34]} Kf4 {[%emt 0:00:06]} 114. Nh3+ {[%emt 0:00:05]} Kf3 {[%emt 0:00:04]} 115. Ng1+ {[%emt 0:00:03]} Kf2 {[%emt 0:00:03]} 116. Nh3+ {[%emt 0:00:03]} Kf1 {[%emt 0:00:03]} 117. Nf4 {[%emt 0:00:08]} Qg4 {[%emt 0:00:04]} 118. Ng2 {[%emt 0:00:05]} Qxg2# {[%emt 0:00:05]} 0-1

[Event "4NCL Hull GM 2021"]
[Site "Hull"]
[Date "2021.10.21"]
[Round "3.5"]
[White "Royal, Shreyas"]
[Black "Fodor, Tamas Jr."]
[Result "0-1"]
[WhiteElo "2226"]
[BlackElo "2524"]
[Annotator "ChessBase"]
[PlyCount "126"]
[EventDate "2021.10.20"]
[EventType "tourn"]
[EventCountry "ENG"]
[SourceTitle "playchess.com"]
[Source "ChessBase"]
[SourceQuality "1"]
[TimeControl "5400+30"]

1. d4 {[%emt 0:00:03]} Nf6 {[%emt 0:00:09]} 2. c4 {[%emt 0:00:06]} e5 {[%emt 0:00:05]} 3. dxe5 {[%emt 0:00:11]} Ng4 {[%emt 0:00:08]} 4. Nf3 {[%emt 0:00:35]} Nc6 {[%emt 0:04:25]} 5. Bf4 {[%emt 0:00:32]} Bb4+ {[%emt 0:00:08]} 6. Nbd2 {[%emt 0:02:09]} Qe7 {[%emt 0:00:08]} 7. e3 {[%emt 0:00:14]} Ngxe5 {[%emt 0:00:08]} 8. Nxe5 {[%emt 0:01:03]} Nxe5 {[%emt 0:00:05]} 9. Be2 {[%emt 0:00:05]} d6 {[%emt 0:01:24]} 10. O-O {[%emt 0:00:58]} a5 {[%emt 0:00:06]} 11. Rc1 {[%emt 0:10:53]} O-O {[%emt 0:06:05]} 12. Nf3 {[%emt 0:04:39]} Ng6 {[%emt 0:04:05]} 13. Bg3 {[%emt 0:00:43]} a4 {[%emt 0:00:19]} 14. Nd4 {[%emt 0:06:26]} f5 {[%emt 0:02:30]} 15. Qc2 {[%emt 0:13:52]} Bc5 {[%emt 0:04:20]} 16. Rcd1 {[%emt 0:01:12]} Kh8 {[%emt 0:03:23]} 17. Nb5 {[%emt 0:04:47]} a3 {[%emt 0:23:50]} 18. b3 {[%emt 0:03:23]} Ne5 {[%emt 0:04:31]} 19. Qd2 {[%emt 0:12:13]} Nc6 {[%emt 0:02:01]} 20. Nc3 {[%emt 0:01:11]} Be6 {[%emt 0:02:27]} 21. Bf3 {[%emt 0:00:28]} Qf6 {[%emt 0:02:32]} 22. Bxc6 {[%emt 0:06:56]} bxc6 {[%emt 0:00:18]} 23. Na4 {[%emt 0:00:05]} Rxa4 {[%emt 0:02:28]} 24. bxa4 {[%emt 0:00:17]} Bxc4 {[%emt 0:00:07]} 25. Rfe1 {[%emt 0:00:16]} Qb2 {[%emt 0:00:19]} 26. Qc1 {[%emt 0:05:49]} Bxa2 {[%emt 0:02:12]} 27. Rd2 {[%emt 0:00:12]} Qxc1 {[%emt 0:02:51]} 28. Rxc1 {[%emt 0:00:10]} Bd5 {[%emt 0:00:42]} 29. Rxc5 {[%emt 0:02:24]} dxc5 {[%emt 0:00:16]} 30. Bxc7 {[%emt 0:00:03]} a2 {[%emt 0:02:41]} 31. Rd1 {[%emt 0:00:26]} Ra8 {[%emt 0:05:54]} 32. a5 {[%emt 0:03:23]} c4 {[%emt 0:03:06]} 33. f3 {[%emt 0:03:09]} c3 {[%emt 0:00:33]} 34. Kf2 {[%emt 0:01:28]} Bc4 {[%emt 0:01:01]} 35. Ra1 {[%emt 0:05:55]} c2 {[%emt 0:00:20]} 36. Bb6 {[%emt 0:02:17]} c5 {[%emt 0:10:30]} 37. Ke1 {[%emt 0:01:49]} Bb3 {[%emt 0:00:21]} 38. Kd2 {[%emt 0:01:43]} c4 {[%emt 0:00:04]} 39. Kc3 {[%emt 0:00:38]} Kg8 {[%emt 0:00:04]} 40. Kd4 {[%emt 0:01:46]} Kf7 {[%emt 0:00:07]} 41. Kd5 {[%emt 0:00:04]} Ke7 {[%emt 0:02:36]} 42. Kc6 {[%emt 0:00:29]} c3 {[%emt 0:01:37]} 43. Rc1 {[%emt 0:00:55]} Ke6 {[%emt 0:01:39]} 44. Kb5 {[%emt 0:01:54]} Rc8 {[%emt 0:01:22]} 45. Kb4 {[%emt 0:00:18]} Bd5 {[%emt 0:00:05]} 46. Bd4 {[%emt 0:01:29]} Rc4+ {[%emt 0:00:10]} 47. Kb5 {[%emt 0:01:10]} Rc8 {[%emt 0:02:42]} 48. Kb4 {[%emt 0:00:31]} f4 {[%emt 0:00:04]} 49. Ra1 {[%emt 0:01:58]} fxe3 {[%emt 0:01:20]} 50. Bxe3 {[%emt 0:00:02]} Kd7 {[%emt 0:00:09]} 51. Bc5 {[%emt 0:00:37]} g5 {[%emt 0:00:49]} 52. h3 {[%emt 0:00:19]} h6 {[%emt 0:00:05]} 53. Rc1 {[%emt 0:00:20]} Rc6 {[%emt 0:00:30]} 54. Ra1 {[%emt 0:00:45]} Kc8 {[%emt 0:00:06]} 55. Rc1 {[%emt 0:00:45]} Kb7 {[%emt 0:00:04]} 56. Ra1 {[%emt 0:00:04]} Ka6 {[%emt 0:00:06]} 57. Rc1 {[%emt 0:00:22]} Bf7 {[%emt 0:00:10]} 58. Ra1 {[%emt 0:00:38]} Rc7 {[%emt 0:00:36]} 59. g3 {[%emt 0:01:13]} Rd7 {[%emt 0:00:14]} 60. Be3 {[%emt 0:00:03]} Rd3 {[%emt 0:00:22]} 61. Bc1 {[%emt 0:00:15]} Rxf3 {[%emt 0:00:05]} 62. h4 {[%emt 0:00:03]} Rxg3 {[%emt 0:00:11]} 63. hxg5 {[%emt 0:00:05]} hxg5 {[%emt 0:00:05]} 0-1